Les joueurs du PSG depuis 2015 - Statistiques

Statistiques générales
  • Ce quiz a été pris 144 fois
    50 depuis la dernière actualisation
  • Le résultat moyen est 64 sur 125
Statistiques - réponses
Nationalité Poste Nombre de matchs Années Joueur % Correct
Brésil Défenseur central 443 2013- Marquinhos
98%
France Ailier/Buteur 308 2017-2024 Mbappé
98%
France Milieu 5 2023-2024 Mbappé
98%
Brésil Défenseur central 317 2012-2021 Silva
98%
Uruguay Buteur 301 2013-2020 Cavani
95%
Italie Milieu 416 2012-2023 Verratti
95%
Argentine Ailier 295 2015-2022 Di Maria
93%
France Défenseur central 237 2014- Kimpembe
93%
Brésil Ailier/Milieu offensif 173 2017-2023 Neymar
93%
France Milieu 295 2011-2017 Matuidi
90%
Italie Milieu défensif 229 2012-2018 Motta
90%
Maroc Latéral droit 120 2021- Hakimi
88%
Suède Buteur 180 2012-2016 Ibrahimovic
88%
Costa Rica Gardien 114 2019-2024 Navas
88%
Italie Gardien 114 2021- Donnarumma
85%
Allemagne Milieu offensif/Ailier 198 2017-2024 Draxler
85%
Sénégal Milieu 111 2019-2022 Gueye
85%
Belgique Latéral droit 128 2016-2020 Meunier
85%
Argentine Milieu offensif 269 2011-2018 Pastore
85%
Portugal Milieu 94 2022- Vitinha
85%
Argentine Ailier/Milieu offensif 75 2021-2023 Messi
83%
France Gardien 107 2010-2022 Areola
80%
France Milieu 227 2012-2019 Rabiot
80%
Italie Gardien 190 2011-2018 Sirigu
80%
Portugal Défenseur central/milieu défenseif 157 2020- Danilo
78%
Brésil Latéral gauche 214 2011-2017 Maxwell
78%
Portugal Latéral gauche 83 2021- Mendes
78%
Espagne Milieu 72 2022- Ruiz
78%
France Latéral gauche 154 2015- Kurzawa
76%
Argentine Buteur/Ailier 161 2012-2016 Lavezzi
76%
Brésil Ailier 228 2012-2018 Lucas
76%
Allemagne Gardien 91 2015-2019 Trapp
76%
Côte d'Ivoire Latéral droit 81 2014-2017 Aurier
73%
France Ailier 42 2023- Dembélé
73%
Argentine Buteur 92 2019-2024 Icardi
73%
Argentine Milieu défensif 117 2019-2023 Paredes
73%
Espagne Défenseur central 58 2021-2023 Ramos
73%
Portugal Buteur 40 2023- Ramos
73%
Brésil Latéral droit 73 2017-2019 Alves
71%
France Ailier 39 2023- Barcola
71%
Brésil Défenseur central 89 2014-2017 Luiz
71%
Espagne Latéral gauche 128 2018- Bernat
68%
France Défenseur central/Latéral gauche 41 2023- Hernandez
68%
Italie Buteur 41 2020-2021 Kean
68%
Allemagne Défenseur central/Latéral droit 127 2018-2022 Kehrer
68%
Espagne Ailier 98 2019-2023 Sarabia
66%
France Milieu 74 2022- Zaïre-Emery
66%
Italie Gardien 25 2018-2019 Buffon
63%
France Buteur 40 2023- Kolo Muani
63%
Pays-Bas Latéral gauche 132 2012-2016 Van Der Wiel
63%
Cameroun Buteur 51 2018-2020 Choupo-Moting
61%
Portugal Milieu 2 2024- Neves
61%
Équateur Défenseur central 2 2024- Pacho
61%
Espagne Milieu 63 2022- Soler
61%
Uruguay Milieu défensif 37 2023- Ugarte
61%
Italie Latéral droit 36 2020-2021 Florenzi
59%
Corée du Sud Milieu offensif/Ailier 36 2023- Lee
59%
Slovaquie Défenseur central 32 2023- Skriniar
59%
Brésil Défenseur central 24 2024- Beraldo
56%
France Milieu 57 2013-2015 Cabaye
56%
Espagne Milieu 95 2019-2022 Herrera
56%
Pays-Bas Milieu 38 2021-2023 Wijnaldum
56%
Espagne Ailier 31 2023- Asensio
54%
Pays-Bas Latéral gauche 45 2019-2021 Bakker
54%
France Ailier 1 2024- Doué
54%
France Latéral droit 76 2018- Dagba
51%
Sénégal Défenseur central/Latéral gauche 74 2019-2022 Diallo
51%
Argentine Milieu offensif 54 2016-2018 Lo Celso
51%
Pays-Bas Milieu offensif/Ailier 11 2020- Simons
46%
Espagne Gardien 6 2023- Tenas
46%
USA Buteur 6 2017-2019 Weah
46%
France Latéral gauche 43 2013-2015 Digne
44%
Espagne Ailier 18 2016-2021 Jesé
44%
France Milieu offensif 78 2015-2019 Nkunku
44%
Espagne Gardien 24 2019- Rico
44%
France Ailier 34 2018-2019 Diaby
41%
France Buteur 33 2022-2023 Ekitike
41%
France Latéral droit 45 2022- Mukiele
41%
Brésil Milieu offensif 39 2020-2022 Rafinha
41%
France Milieu offensif 32 2016-2018 Ben Arfa
39%
Pologne Milieu défensif 19 2016-2017 Krychowiak
39%
France Défenseur central 225 2007-2015 Camara
37%
France Milieu 249 2006-2015 Chantome
37%
France gardien 2 2020-2024 Letellier
37%
France Milieu offensif 10 2023- Mayulu
37%
Portugal Milieu 27 2022- Sanches
37%
Pologne Gardien 2 2019-2020 Bulka
34%
France Gariden 43 2011-2015 Douchez
34%
Espagne Latéral gauche 32 2017-2018 Berchiche
32%
France Milieu 19 2017-2019 Diarra
32%
France Buteur 1 2024- Mbaye
32%
Italie Milieu 4 2023- Ndour
32%
France/Espagne Milieu offensif 12 2021- Gharbi
29%
Portugal Ailier 13 2016-2017 Guedes
29%
France Buteur 6 2019-2022 Kalimuendo
29%
France Milieu défensif 40 2015-2016 Stambouli
29%
France Buteur 53 2010-2019 Bahebeck
27%
Maroc Buteur 2 2022-2023 Housni
27%
France Latéral droit 5 2023- Zague
27%
France Buteur 31 2014-2017 Augustin
24%
France Défenseur central 19 2021-2023 Bitshiabu
24%
France Milieu 8 2020-2022 Michut
22%
France Latéral droit 15 2020-2022 Pembélé
22%
France Milieu offensif 3 2019-2020 Aouchiche
17%
France Milieu défensif 1 2017-2019 Adli
15%
France Défenseur central 12 2019-2020 Kouassi
15%
France Défenseur central 16 2017-2019 Nsoki
12%
France Milieu offensif 16 2012-2016 Ongenda
12%
Maroc Milieu 7 2020-2021 Ruiz-Atil
12%
France Milieu/ Milieu droit 14 2021-2022 Dina Ebimbe
10%
France Milieu 3 2017-2018 Bernede
7%
Turquie Buteur 1 2018-2019 Guclu
7%
France Ailier 7 2016-2018 Ikoné
7%
Guyane française Défenseur central 5 2015-2018 Rimane
7%
France Latéral gauche 1 2018-2019 Zagré
7%
France Ailier 1 2021-2022 Gassama
5%
France Défenseur central 3 2018-2020 Mbe Soh
5%
France Milieu offensif/Latéral droit 1 2021-2022 Bitumazala
2%
France Milieu défensif 1 2016-2018 Callegari
2%
France Latéral droit 1 2015-2019 Georgen
2%
France Milieu 1 2015-2016 Taufflieb
2%
Guinée Buteur 1 2021-2022 Yansané
2%
France Milieu offensif 6 2020-2021 Fadiga
0%
Côte d'Ivoire Ailier 1 2015-2016 Meïté
0%
France Ailier 1 2020-2021 Nagera
0%
Aucun quiz correspondant
Distribution des résultats
% des personnes avec chaque résultat
Percentile par nombre de réponses
Votre historique - résultats
Vous n’avez pas pris ce quiz depuis la dernière actualisation